La proliferación legislativa: un desafío para el estado de derecho

Saved in:
Bibliografiske detaljer
Main Authors: Menéndez Menéndez, Aurelio (autor), Pau Pedrón, Antonio (Author)
Format: Bog
Sprog:spansk
Udgivet: Madrid Colegio Libre de Emeritos 2004
Madrid Thomson Civitas 2004
Udgivelse:1a. ed
Fag:
Tags: Tilføj Tag
Ingen Tags, Vær først til at tagge denne postø!

MARC

LEADER 00000cam a2200000 a 4500
001 UCE4144
003 CL-VaPUC
008 141009e20040000sp |||||||||||||||||spa|d
020 |a 8447022560 
082 0 4 |a 342.46  |b MEN  |2 21 
100 |a Menéndez Menéndez, Aurelio  |e autor  |9 576732 
700 0 |a Pau Pedrón, Antonio  |e author  |9 576733 
245 1 3 |a La proliferación legislativa: un desafío para el estado de derecho 
250 |a 1a. ed 
300 |a 672 p 
942 |c BK 
945 |d 20141009 14:36:00  |a arojas 
260 |a Madrid  |b Colegio Libre de Emeritos  |c 2004 
260 |a Madrid  |b Thomson Civitas  |c 2004 
650 0 |a Estado de derecho  |9 257795 
650 7 |a LEGISLACION  |2 CL-VaPUC  |9 576734 
650 7 |a TECNICA LEGISLATIVA  |2 CL-VaPUC  |9 576735 
583 |a last modification  |c 20141009 14:36:00  |k Rodrigo Vera 
999 |c 357203  |d 357201 
952 |0 0  |1 0  |3 erb  |4 0  |6 342_460000000000000_MEN_2004_2004  |7 0  |8 A  |9 465047  |a BIBDER  |b BIBDER  |i 5118263  |o 342.46 MEN 2004 2004  |p 5118263  |r 2023-01-25  |w 2019-11-23  |y BK  |z Catalogado en:20141009  |k DER